| 000 | 01006nas a2200313 4500 | ||
|---|---|---|---|
| 001 | BR2019000247 | ||
| 003 | BR-BrBNA | ||
| 005 | 20231205131549.0 | ||
| 007 | ta | ||
| 008 | 230509b bl.|||p| |||| 00| 00por d | ||
| 040 |
_aBR-BrBNA _bpor _cBiblioteca Nacional de Agricultura |
||
| 041 | _a(Pt) | ||
| 072 | _aF30 | ||
| 100 | 1 | _aRocha, R.B. | |
| 100 | 1 | _aLaviola, B.G. | |
| 100 | 1 | _aSilva, S.D. dos A. e | |
| 100 | 1 | _aJuház, A.C.P. | |
| 100 | 1 | _aAlbrecht, J.C. | |
| 100 | 1 | _aRosado, T.B. | |
| 245 | 1 | _aAdaptabilidade e estabilidade de progênies de meios-irmãos de pinhão-manso em diferentes regiões do Brasil | |
| 650 | _aPINHÃO DE PURGA | ||
| 650 | _aGENÓTIPO | ||
| 650 | _aSELEÇÃO | ||
| 650 | _aGENÉTICA VEGETAL | ||
| 773 | 0 |
_tRevista Ceres (Brazil) _xISSN 2177-3491 _g(Mar-Apr 2016), v. 63(2) p. 174-182 _wBR2019000247 |
|
| 856 | 4 | 0 | _uhttp://www.scielo.br/pdf/rceres/v63n2/0034-737X-rceres-63-02-00174.pdf |
| 909 |
_a202311 _bLúcia _c55 _dLúcia Elande |
||
| 942 |
_2AGRIS _n0 _cANA |
||
| 999 |
_c255466 _d255466 |
||